Statistics for Countries with Least Life Expectancy

Click here to take the quiz!

General Stats

  • This quiz has been taken 28 times
  • The average score is 14 of 20

Answer Stats

Life ExpectancyCountry% Correct
54.0 yearsChad
93%
58.9 yearsMali
85%
52.8 yearsCentral African Republic
81%
60.4 yearsD.R. Congo
81%
58.4 yearsEquatorial Guinea
78%
58.0 yearsGuinea-Bissau
78%
60.2 yearsMozambique
78%
54.3 yearsNigeria
78%
54.3 yearsSierra Leone
74%
60.8 yearsTogo
74%
61.2 yearsGuinea
70%
57.6 yearsSouth Sudan
70%
61.2 yearsBurkina Faso
67%
58.9 yearsCameroon
67%
57.4 yearsCôte d'Ivoire
59%
61.2 yearsZimbabwe
59%
61.2 yearsBurundi
56%
53.7 yearsLesotho
56%
59.4 yearsEswatini
52%
60.8 yearsAngola
44%

Score Distribution

Percentile by Number Answered

Percent of People with Each Score

Your Score History

You have not taken this quiz